Schaum's outline of theory and problems of Fourier analysis : with applications to boundary value problems /

Guardado en:
Autor Principal: Spiegel, Murray R.
Formato: Libro
Idioma:English
Publicado: New York : McGraw-Hill, c1974.
Series:Schaum's outline series
Materias:
Acceso en línea:Descripción
Tabla de contenido
Etiquetas: Agregar Etiqueta
Sin Etiquetas, Sea el primero en etiquetar este registro!
LEADER 01198pam a22003015a 4500
001 EIQ.libpla004154
008 731128s1974####nyua##########001#0#eng#d
005 20080723184044.0
245 1 0 |a Schaum's outline of theory and problems of Fourier analysis :  |b with applications to boundary value problems /  |c by Murray R. Spiegel. 
260 |a New York :  |b McGraw-Hill,  |c c1974. 
300 |a 191 p. :  |b il. ;  |c 28 cm. 
490 1 |a Schaum's outline series 
500 |a Incluye 205 problemas resueltos. 
020 |a 0070602190 
100 1 |a Spiegel, Murray R. 
830 0 |a Schaum's outline series 
246 3 0 |a Theory and problems of Fourier analysis. 
246 3 0 |a Fourier analysis. 
082 0 0 |a 515/.2433 
650 4 |a Matemática  |x Análisis de Fourier. 
650 4 |a Matemática  |x Problemas de valores de contorno. 
650 4 |a Mathematics  |x Fourier analysis. 
650 4 |a Mathematics  |x Boundary value problems. 
010 |a  73021520  
040 |a DLC  |c DLC  |d AR-BbSID 
856 4 2 |3 Descripción  |u http://www.loc.gov/catdir/description/mh022/73021520.html 
856 4 1 |3 Tabla de contenido  |u http://www.loc.gov/catdir/toc/mh021/73021520.html 
859 |a AR-BbSID  |b BIB. PLAPIQUI  |h 515.723  |i Sp 43  |p 2775